000 01176cam a22003375i 4500
003 EG-ScBUE
005 20251210092138.0
008 150819t2008 flua f bd 001 0deng d
020 _a9781420051025
020 _a1420051024
040 _aEG-ScBUE
_beng
_erda
_cEG-ScBUE
_dEG-ScBUE
082 0 4 _a547.7
_bCAR
_222
100 1 _aCarraher, Charles E.,
_931181
_cJr.,
_d1941-
_eauthor.
245 1 0 _aSeymour/Carraher's polymer chemistry /
_cCharles E. Carraher, Jr., Florida Atlantic University, Boca Raton, Florida, U.S.A.
246 3 0 _aPolymer chemistry
250 _aSeventh edition.
264 1 _aBoca Raton :
_bCRC Press / Taylor & Francis Group,
_c[2008]
264 4 _cc2008
300 _a738 pages :
_billustrations ;
_c27 cm
336 _2rdacontent
_atext
_btxt
337 _aunmediated
_2rdamedia
_bn
338 _avolume
_bnc
_2rdacarrier
500 _aIncludes Appendices.
500 _aIncludes glossary.
504 _aIncludes bibliographical references and index.
600 1 7 _aSeymour, Raymond B.
_q(Raymond Benedict),
_d1912-1991
_2BUEsh
650 7 _aPolymers.
_2BUEsh
653 _bPPhrm
_cAugust2015
655 _vReading book
942 _2ddc
_cBB
999 _c20634
_d20606